| 000 | 00678nam a2200217 i 4500 | ||
|---|---|---|---|
| 001 | 35822 | ||
| 003 | ES-MaACL | ||
| 005 | 20230906155225.0 | ||
| 007 | t| | ||
| 008 | 030214s1967 sp abf |||| | spa d | ||
| 080 | _a677.41:382(091) | ||
| 100 | 1 |
_aBoulnois, Luce. _930925 |
|
| 245 | 1 | 3 |
_aLa ruta de la seda / _cLuce Boulnois ; prólogo de F. Torrella Niubó ; [traducción de Antonio Valiente]. |
| 250 | _a1ª ed. | ||
| 260 |
_a[Barcelona] : _bAymá, _c1967. |
||
| 300 |
_a290 p., 32 lám. : _bil., map. ; _c21 cm. |
||
| 651 | 4 |
_aRuta de la Seda. _9151299 |
|
| 700 | 1 |
_aTorrella Niubó, F. _9110818 |
|
| 700 | 1 |
_aValiente, Antonio G. _9112693 |
|
| 852 |
_aES-MaACL _jC-33519 |
||
| 999 |
_c35822 _d35822 |
||